000 01197nam a2200337 i 4500
001 47014
003 KOSZ 005
005 20200630132831.0
008 070805s1971 pl a f f 001 0 pol
015 _aPB 1972/456
040 _aWA N
_cWA N
_dKOSZ 005/RW
080 _a53
100 1 _aSzczeniowski, Szczepan
_d(1898-1979)
_eAutor
245 1 0 _aFizyka doświadczalna :
_bpodręcznik dla studentów szkół wyższych.
_nCz. 4,
_pOptyka /
_cSzczepan Szczeniowski.
246 3 0 _aOptyka.
250 _aWydanie 4 uzupełnione.
260 _aWarszawa :
_bPaństwowe Wydawnictwo. Naukowe,
_c1971.
300 _a501, [2] stron, 3 tablice :
_bilustracje ;
_c25 cm.
336 _aTekst
_btxt
_2rdacontent
337 _aBez urządzenia pośredniczącego
_bn
_2rdamedia
338 _aWolumin
_bnc
_2rdacarrier
380 _aKsiążki.
504 _aIndeks.
658 _aFizyka i astronomia
655 4 _aPodręczniki akademickie
650 4 _aOptyka
650 4 _aFizyka doświadczalna
710 2 _aPaństwowe Wydawnictwo Naukowe
_4pbl.
856 _uhttp://koha.tu.koszalin.pl/cgi-bin/koha/opac-detail.pl?biblionumber=47014
_yKatalog online BPK
942 _2UKD
_cKS
999 _c47014
_d47014